Amma (Record no. 1030082)

MARC details
000 -LEADER
fixed length control field 00588nam a2200229Ia 4500
003 - CONTROL NUMBER IDENTIFIER
control field OSt
005 - DATE AND TIME OF LATEST TRANSACTION
control field 20221005114037.0
008 - FIXED-LENGTH DATA ELEMENTS--GENERAL INFORMATION
fixed length control field 221004b |||||||| |||| 00| 0 fre d
037 ## - SOURCE OF ACQUISITION
Terms of availability Textual
040 ## - CATALOGING SOURCE
Original cataloging agency CRL
Transcribing agency CRL
Language of cataloging fre
041 ## - LANGUAGE CODE
Source of code fre
Language code of text/sound track or separate title fre
100 ## - MAIN ENTRY--PERSONAL NAME
Personal name Mxim Gorky
9 (RLIN) 625366
245 #0 - TITLE STATEMENT
Title Amma
260 ## - PUBLICATION, DISTRIBUTION, ETC.
Date of publication, distribution, etc. 1962
700 ## - ADDED ENTRY--PERSONAL NAME
Personal name Gopalan Nair Tr.
9 (RLIN) 625367
942 ## - ADDED ENTRY ELEMENTS (KOHA)
Classification part O142,3M68,12, 32K2
Koha item type Textual
Source of classification or shelving scheme
Holdings
Withdrawn status Lost status Damaged status Not for loan Home library Current library Date acquired Total Checkouts Full call number Barcode Date last seen Price effective from Koha item type Public note
        Central Library Central Library 2022-10-05   O142,3M68,12 32K2 CL0190363 2022-10-05 2022-10-05 Textual Translated from Frence to Malayalam
Copyright @ Delhi University Library System